<?xml version="1.0" encoding="UTF-8"?>
<collection xmlns:xsi="http://www.w3.org/2001/XMLSchema-instance" xsi:schemaLocation="http://www.loc.gov/MARC21/slim http://www.loc.gov/standards/marcxml/schema/MARC21slim.xsd" xmlns="http://www.loc.gov/MARC21/slim">
 <record>
  <leader>00000cam a22000004i 4500</leader>
  <controlfield tag="001">UP-8027390931312570169</controlfield>
  <controlfield tag="003">Buklod</controlfield>
  <controlfield tag="005">20240510115747.0</controlfield>
  <controlfield tag="006">o--- |     ||   ||</controlfield>
  <controlfield tag="007">ta</controlfield>
  <controlfield tag="008">240510s2020    xx     d     r    |||| u|</controlfield>
  <datafield tag="020" ind1=" " ind2=" ">
   <subfield code="a">9784866580739 (hardback)</subfield>
  </datafield>
  <datafield tag="020" ind1=" " ind2=" ">
   <subfield code="a">4866580739 (hardback)</subfield>
  </datafield>
  <datafield tag="035" ind1=" " ind2=" ">
   <subfield code="a">(iLib)UPCEB-00013107812</subfield>
  </datafield>
  <datafield tag="040" ind1=" " ind2=" ">
   <subfield code="a">KWW</subfield>
   <subfield code="b">eng</subfield>
   <subfield code="e">rda</subfield>
   <subfield code="c">KWW</subfield>
   <subfield code="d">SYB</subfield>
   <subfield code="d">OCLCO</subfield>
   <subfield code="d">GZN</subfield>
   <subfield code="d">OCLCO</subfield>
   <subfield code="d">WVU</subfield>
   <subfield code="d">OCLCO</subfield>
   <subfield code="d">OCLCF</subfield>
   <subfield code="d">OWU</subfield>
   <subfield code="d">OCLCO</subfield>
   <subfield code="d">COO</subfield>
   <subfield code="d">DLC</subfield>
   <subfield code="d">NGU</subfield>
   <subfield code="d">OCLCQ</subfield>
   <subfield code="d">WRF</subfield>
   <subfield code="d">GYG</subfield>
   <subfield code="d">OCLCO</subfield>
   <subfield code="d">OUN</subfield>
  </datafield>
  <datafield tag="041" ind1="1" ind2=" ">
   <subfield code="a">eng</subfield>
   <subfield code="h">jpn</subfield>
  </datafield>
  <datafield tag="050" ind1="0" ind2="0">
   <subfield code="a">DS885.5.S385</subfield>
   <subfield code="b">O4313 2020</subfield>
  </datafield>
  <datafield tag="090" ind1=" " ind2="0">
   <subfield code="a">DS885.5.S385</subfield>
   <subfield code="b">O33 2020</subfield>
  </datafield>
  <datafield tag="100" ind1="1" ind2=" ">
   <subfield code="a">Okazaki, Hisahiko</subfield>
   <subfield code="d">1930-2014</subfield>
   <subfield code="e">author.</subfield>
  </datafield>
  <datafield tag="240" ind1="1" ind2="0">
   <subfield code="a">Shidehara kijuro to sono jidai.</subfield>
   <subfield code="l">English.</subfield>
  </datafield>
  <datafield tag="245" ind1="1" ind2="0">
   <subfield code="a">Shidehara Kijuro and his time</subfield>
   <subfield code="c">Okazaki Hisahiko ; translated by Noda Makito.</subfield>
  </datafield>
  <datafield tag="250" ind1=" " ind2=" ">
   <subfield code="a">First English edition.</subfield>
  </datafield>
  <datafield tag="264" ind1=" " ind2="1">
   <subfield code="a">Tokyo, Japan</subfield>
   <subfield code="b">Published by Japan Publishing Industry Foundation for Culture (JPIC)</subfield>
   <subfield code="c">2020.</subfield>
  </datafield>
  <datafield tag="300" ind1=" " ind2=" ">
   <subfield code="a">318 pages</subfield>
   <subfield code="b">illustrations, portraits</subfield>
   <subfield code="c">23 cm.</subfield>
  </datafield>
  <datafield tag="490" ind1="1" ind2=" ">
   <subfield code="a">Japan Library.</subfield>
  </datafield>
  <datafield tag="500" ind1=" " ind2=" ">
   <subfield code="a">&quot;Originally published in Japanese by PHP Institute, Inc. in 2003 under the title of Shidehara Kij?ur?o to sono jidai.&quot;--Title page verso.</subfield>
  </datafield>
  <datafield tag="500" ind1=" " ind2=" ">
   <subfield code="a">&quot;English translation 2020 The Japan Institute of International Affairs (JIIA).&quot;--Page 4.</subfield>
  </datafield>
  <datafield tag="500" ind1=" " ind2=" ">
   <subfield code="a">&quot;Chronological Table of Shidehara Ki?uro's Life and Accomplishments&quot;: pages 294-304.</subfield>
  </datafield>
  <datafield tag="504" ind1=" " ind2=" ">
   <subfield code="a">Includes bibliographical references (pages 291-293) and index.</subfield>
  </datafield>
  <datafield tag="505" ind1="0" ind2="0">
   <subfield code="t">Diplomat of the new age : a typical serious bureaucrat in a time of peace --</subfield>
   <subfield code="t">Beginning of an American century : emerging Japan encounters a rising United States --</subfield>
   <subfield code="t">Chaos on the continent : clumsy handling of the Twenty-One Demands --</subfield>
   <subfield code="t">The era of the Anglo-Japanese alliance : the British gentleman a model for the Japanese --</subfield>
   <subfield code="t">The Anglo-Japanese alliance at a crossroads : how Japan missed the chance to strengthen the alliance --</subfield>
   <subfield code="t">The Russian Revolution and the Siberian intervention : repercussions of the revolution reach Japan --</subfield>
   <subfield code="t">Paris Peace Conference : alliance partner's skilled diplomacy saves Japan --</subfield>
   <subfield code="t">End of the Anglo-Japanese alliance : choice at the crossroads of old and new diplomacy --</subfield>
   <subfield code="t">Peace and the military : the insight and skillful diplomacy that made the Washington conference a success --</subfield>
   <subfield code="t">The blossoming of Shidehara diplomacy : a new departure for Japan's diplomacy --</subfield>
   <subfield code="t">The tide turns : public resentment of Shidehara's cooperative diplomacy --</subfield>
   <subfield code="t">Tanaka diplomacy and Chinese nationalism : the adverse impact of Zhang Zuolin's assassination --</subfield>
   <subfield code="t">Shidehara diplomacy's last hurrah : Shidehara remained unchanged in the midst of turmoil --</subfield>
   <subfield code="t">Epilogue: the end of Shidehara diplomacy : Japan is deprived of a priceless diplomatic asset --</subfield>
   <subfield code="t">Appendix. Chronological table of Shidehara Kijuro's life and accomplishments.</subfield>
  </datafield>
  <datafield tag="520" ind1=" " ind2=" ">
   <subfield code="a">&quot;The Constitution of Japan is often described as a pacifist constitution for its Article 9 renouncing war and foreswearing war potential. Although this is usually attributed to starry-eyed idealists and steely-eyed realists in the occupation, both of which wanted to ensure Japan did not again challenge America's position, there is also a cast to be made for crediting Shidehara Kij?ur?o (1872-1951). Indeed, the case becomes even stronger if we think of the Constitution not so much as pacifist but more as internationalist--as evidenced in the Preamble's trusting in the justice and faith of the peace-loving peoples of the world and its belief that no nation is responsible to itself alone. For it was Shidehara who was the ultimate internationalist. Born to a middle-class family four years after the Meiji Restoration, he went to Tokyo Imperial University and from there to the civil service, ending up at the Ministry of Foreign Affairs. From there, history took him to a number of foreign capitals and historic international conferences on his way to the foreign ministership and after he became foreign minister. Serving as foreign minister under a succession of prime ministers, he developed and staunchly promoted what came to be called Shidehara diplomacy--a foreign policy stance of not intervening in China, respecting the Anglo-Japanese alliance, and adhering to what were put forward as universal values. Yet despite his steadfast championship, this internationalist stance was weakened by widespread discrimination against Japanese (e.g., in America's immigration laws) and fatally wounded by the Kwangtung Army's rogue aggression in China. He resigned as foreign minister in 1931, while retaining his seat in the House of Peers, and was tapped by the occupation to be Japan's first postwar prime minister, putting him in a position to influence the Constitution's drafting. Shidehara's was a principled life engagingly recounted in this informative biography by one of Japan's foremost diplomat-turned-historians.&quot;--Jacket.</subfield>
  </datafield>
  <datafield tag="541" ind1=" " ind2=" ">
   <subfield code="a">Gift of Japan Publishing Industry Foundation for Culture</subfield>
   <subfield code="5">OAU.</subfield>
  </datafield>
  <datafield tag="546" ind1=" " ind2=" ">
   <subfield code="a">&quot;All Japanese names appearing in this book are written with surname first and given name last. In addition, all Japanese words and names have been romanized in accordance with the Hepburn system, and macrons have been applied to indicate long vowels wherever deemed appropriate.&quot;--Page 4.</subfield>
  </datafield>
  <datafield tag="600" ind1="1" ind2="0">
   <subfield code="a">Shidehara, Kijuro</subfield>
   <subfield code="d">1872-1951.</subfield>
  </datafield>
  <datafield tag="650" ind1=" " ind2="0">
   <subfield code="a">Diplomats</subfield>
   <subfield code="z">Japan</subfield>
   <subfield code="v">Biography.</subfield>
  </datafield>
  <datafield tag="650" ind1=" " ind2="0">
   <subfield code="a">Foreign ministers</subfield>
   <subfield code="z">Japan</subfield>
   <subfield code="v">Biography.</subfield>
  </datafield>
  <datafield tag="651" ind1=" " ind2="0">
   <subfield code="a">Japan</subfield>
   <subfield code="x">Foreign relations</subfield>
   <subfield code="y">1868-1912.</subfield>
  </datafield>
  <datafield tag="651" ind1=" " ind2="0">
   <subfield code="a">Japan</subfield>
   <subfield code="x">Foreign relations</subfield>
   <subfield code="y">1912-1945.</subfield>
  </datafield>
  <datafield tag="655" ind1=" " ind2="7">
   <subfield code="a">Biographies.</subfield>
  </datafield>
  <datafield tag="700" ind1="1" ind2=" ">
   <subfield code="a">Noda, Makito</subfield>
   <subfield code="e">translator.</subfield>
  </datafield>
  <datafield tag="710" ind1="2" ind2=" ">
   <subfield code="a">Shuppan Bunka Sangyo Shinko Zaidan</subfield>
   <subfield code="e">publisher.</subfield>
  </datafield>
  <datafield tag="830" ind1=" " ind2="0">
   <subfield code="a">Japan library (Shuppan Bunka Sangyo Shinko Zaidan)</subfield>
  </datafield>
  <datafield tag="905" ind1=" " ind2=" ">
   <subfield code="a">FO</subfield>
  </datafield>
  <datafield tag="852" ind1="0" ind2=" ">
   <subfield code="a">UPCEB</subfield>
   <subfield code="b">CEBU-LAHUG</subfield>
   <subfield code="h">DS885.5.S385 O33 2020</subfield>
  </datafield>
  <datafield tag="942" ind1=" " ind2=" ">
   <subfield code="a">Book</subfield>
  </datafield>
 </record>
</collection>
